00513 a2200169 4500001000700000020001800007020001100025041000800036082000800044100001700052520012100069856002400190040002500214245003800239260004500277300002100322116913 a9781625218032 qbroch. aeng a636 aStead, Tony. aWhat would make a better pet, a kitten or a fish? Read the opinions in this book. Then decide: What is the best pet? u000027/0000279a.jpg aBR-BrIDEAcBR-BrIDEA10aWhat is the best pet?cTony Stead aNorth Mankato, MinnesotabCapstonec2015 a16 p.bcol. ill.